000 00550nam a2200229Ia 4500
003 OSt
005 20221005114404.0
006 a|||||r|||| 00| 0
007 ta
008 221004b |||||||| |||| 00| 0 urd d
024 _a8219
037 _cTextual
040 _aCRL
_cCRL
_burd
041 _2urd
_aurd
082 _aO168,1L97x, H9
100 _aAbdul Wadood
245 0 _aAsar-e-Ghalib
260 _c1949
650 _aURDU POETRY
942 _hO168,1L97x, H9
_cTEXL
_2cc
999 _c1031193
_d1031193